| 000 | 00705nam a22001817a 4500 | ||
|---|---|---|---|
| 999 |
_c62157 _d62157 |
||
| 005 | 20240724151057.0 | ||
| 008 | 240724s2016 ge ||||| |||| 00| 0 ger d | ||
| 020 | _a9783406697333 X | ||
| 041 | _ager | ||
| 080 | _a821.112.2 G-41 | ||
| 245 |
_aGeschichte der deutschen Literatur Band. II: _bVom 19. Jahrhundert bis zur Gegenwart / _cBengt Algot Sørensen (Editor) |
||
| 264 |
_aMünchen: _b Verlag C.H. Beck, _c2016. |
||
| 300 |
_a512 p.: _b19 cm. |
||
| 653 | _aGeschichte der deutschen Literatur | ||
| 653 | _aგერმანული ლიტერატურის ისტორია | ||
| 700 |
_aSørensen, Bengt Algot _eრედაქტორი _922935 |
||
| 942 |
_2udc _cᲬᲘᲒᲜᲘ |
||